000 00644nam a2200241Ia 4500
005 20260430150614.0
008 008 250103s9999 xx 000 0 eng d
037 _aTheses
040 _aCRL
040 _beng
040 _ceng
041 _2eng
041 _aeng
084 _qCRL
100 _aJha Sneh Au.; Gupta Charu Gu.
_91237984
245 0 _aTexts and Politics in the Sixteenth Century Avadhi Literature: A Study of Ramcharitmanas
260 _c2024
300 _a280p.
650 _aHistory
700 _aUniversity of Delhi. Faculty of Social Science. Deptt. of History
942 _cTH
999 _c1850191
_d1850191